| 000 | 02241 a2200229 4500 | ||
|---|---|---|---|
| 003 | MN-UlNLM | ||
| 005 | 20220406145028.0 | ||
| 008 | a13041985 mp ||||| |||| 00| 0 mon d | ||
| 040 | _aМонгол Улсын Үндэсний номын сан | ||
| 084 |
_2NNA _a63.5 _bS 90 _q63 |
||
| 245 | 1 |
_aЭтнографийн судлал _bStudia etnographica instituti historia academiae scientiarum reipublicae populi Mongoli _cPед.С.Бадамхатан |
|
| 250 | _a1 | ||
| 260 | 1 |
_aУБ _bШУАХ _c1985 |
|
| 300 | _a91х | ||
| 490 | _vТ.IX, Fasc.1-11 | ||
| 546 | _aMongolia | ||
| 653 |
_aТүүхийн шинжлэх ухаан _aУгсаатны зүй, угсаатны судлал |
||
| 740 |
_aС.Бадамхатан: К вопросу о соотнощений традиционной и общемировой культуры на современном эпате развития этнических процессов в МНР(В сферематеральной культуры). _aГ.Батнасан: Нэгдэлч,малчдын мал маллагаанд дахь уламжлал,шинэтгэлийн асуудалд. _aА.Очир: Эртний монголчуудын цаг тооллын мэдлэгийг сарын мөрөөр мөшгих нь. _aЦ.Аюуш: Ойрад,Буриадын уламжлалт соёлын нийтлэгийн тухай асуудалд. _aД. Тангад: Нохой тэжээж байсан ардын уламжлалт заншлааас. _aГ.Мэнэс:Керамика Чандманской культури. _aБ.Дорж: Монголчуудын уртыг хэмжих ёс. _aД.Нансалмаа: Халх журамд ардын хэв хууль, хэв заншлаас тусгагдсан нь. _aТ.Дисан: Төв халхын модон эдлэлд тавих хээ угалзны төрөл, зүйлээс. _aД.Очир: Тавгач аялгууны КЭБОЧЖЭНИЬ хэмээх үгийн тухай. _aГ.Батнасан Г.Цэрэнханд: (Нэгдэлч, малчдын аж байдал) номын тухай. _aДамдины (Хөдөөгийн) Пэрлээ. |
||
| 856 | _aprintbook | ||
| 942 | _cBK | ||
| 999 |
_c46383 _d46383 |
||